[Event "ISR-chT"]
[Site "Israel"]
[Date "2020.09.11"]
[Round "11.1"]
[White "Karasik, Evgeni"]
[Black "Krayz, Alexander"]
[Result "1/2-1/2"]
[WhiteElo "2193"]
[BlackElo "2359"]
[PlyCount "83"]
[EventDate "2020.01.10"]
[EventType "team-tourn"]
[EventRounds "11"]
[EventCountry "ISR"]
[SourceTitle "EXT 2021"]
[Source "ChessBase"]
[SourceDate "2020.10.23"]
[SourceVersion "1"]
[SourceVersionDate "2020.10.23"]
[SourceQuality "1"]
[WhiteTeam "Beer Sheva K"]
[BlackTeam "Herzliya"]
[WhiteTeamCountry "ISR"]
[BlackTeamCountry "ISR"]

1. d4 Nf6 2. Nc3 d5 3. Bf4 Bf5 4. e3 e6 5. Bd3 Bg6 6. Nf3 a6 7. Ne5 c5 8. 0-0 Nc6 9. h3 Rc8 10. Nxc6 Rxc6 11. a3 Bd6 12. Bxd6 Qxd6 13. Re1 cxd4 14. exd4 0-0 15. Bxg6 hxg6 16. Qd3 b5 17. Re2 Rfc8 18. Nd1 Nh5 19. g3 Nf6 20. Kg2 Ne4 21. c3 Qb8 22. Ne3 Nd6 23. Ng4 a5 24. Rae1 Nf5 25. Ne5 R6c7 26. g4 Ne7 27. Qf3 Rf8 28. Nd3 Qb6 29. h4 Qd6 30. Rh1 Nc6 31. h5 g5 32. h6 f6 33. Nc5 Nd8 34. hxg7 Rxg7 35. Qh3 e5 36. Qh8+ Kf7 37. Qh5+ Kg8 38. Qh8+ Kf7 39. Qh5+ Kg8 40. Qh8+ Kf7 41. Qh5+ Kg8 42. Qh8+ 1/2-1/2

[Event "Dresden ZMD op 23rd"]
[Site "Dresden"]
[Date "2014.08.21"]
[Round "7"]
[White "Zakhartsov, Viacheslav V"]
[Black "Karasik, Evgeni"]
[Result "1-0"]
[WhiteElo "2548"]
[BlackElo "2221"]
[PlyCount "66"]
[EventDate "2014.08.15"]
[EventType "swiss"]
[EventRounds "9"]
[EventCountry "GER"]
[SourceTitle "CBM 161 Extra"]
[Source "ChessBase"]
[SourceDate "2014.08.29"]
[SourceVersion "1"]
[SourceVersionDate "2014.08.29"]
[SourceQuality "1"]

1. d4 Nf6 2. c4 c5 3. d5 b5 4. cxb5 a6 5. bxa6 g6 6. Nc3 Bxa6 7. Nf3 Bg7 8. e4 Bxf1 9. Kxf1 d6 10. g3 Nbd7 11. Kg2 0-0 12. a4 Ra6 13. Qc2 e6 14. dxe6 fxe6 15. Qb3 d5 16. exd5 Qa8 17. Rd1 Rb6 18. Qa2 Kh8 19. a5 Rb4 20. Bf4 Nh5 21. Bd6 Rf5 22. Rd2 Nhf6 23. Rad1 exd5 24. Nxd5 Nxd5 25. Rxd5 Rxb2 26. Qc4 Rxf3 27. Kxf3 Rb4 28. Qa2 Rb2 29. Qa4 Nf6 30. Qc4 Nxd5 31. Qxd5 Qxa5 32. Be5 Qa3+ 33. Kg2 Ra2 1-0

[Event "Riga Tech op 3rd"]
[Site "Riga"]
[Date "2013.08.05"]
[Round "1"]
[White "Burmakin, Vladimir"]
[Black "Karasik, Evgeni"]
[Result "1-0"]
[WhiteElo "2565"]
[BlackElo "2228"]
[PlyCount "65"]
[EventDate "2013.08.05"]
[EventType "swiss"]
[EventRounds "9"]
[EventCountry "LAT"]
[SourceTitle "CBM 155 Extra"]
[Source "ChessBase"]
[SourceDate "2013.08.26"]
[SourceVersion "1"]
[SourceVersionDate "2013.08.26"]
[SourceQuality "1"]

1. Nf3 c5 2. g3 Nc6 3. d4 cxd4 4. Nxd4 g6 5. Bg2 Bg7 6. Nb3 Nf6 7. 0-0 0-0 8. c4 d6 9. Nc3 Ne5 10. c5 dxc5 11. Qxd8 Rxd8 12. Nxc5 Rb8 13. Bf4 Nh5 14. Rad1 Re8 15. Bc1 b6 16. Nb3 Nf6 17. Nb5 a6 18. Nc7 Rf8 19. Nd4 Bb7 20. Bxb7 Rxb7 21. Nxa6 Nd5 22. Nb5 Rd7 23. f4 Nc4 24. b3 Na5 25. e4 Nf6 26. Rxd7 Nxd7 27. Be3 Ra8 28. Nac7 Rb8 29. Rd1 Nf6 30. Na6 Nd7 31. Nac7 Nf6 32. Na6 Ra8 33. Nbc7 1-0

[Event "ISR-chT 13"]
[Site "Israel"]
[Date "2012.12.21"]
[Round "1.6"]
[White "Karasik, Evgeni"]
[Black "Chassid, Elan"]
[Result "1/2-1/2"]
[WhiteElo "2235"]
[BlackElo "2106"]
[PlyCount "39"]
[EventDate "2012.12.21"]
[EventType "team"]
[EventRounds "11"]
[EventCountry "ISR"]
[SourceTitle "EXT 2014"]
[Source "ChessBase"]
[SourceDate "2013.11.20"]
[SourceVersion "1"]
[SourceVersionDate "2013.11.20"]
[SourceQuality "1"]

1. e4 c5 2. Nf3 g6 3. c3 Bg7 4. d4 cxd4 5. cxd4 d5 6. e5 Nc6 7. Nc3 f6 8. Bb5 e6 9. 0-0 Nge7 10. exf6 Bxf6 11. Re1 0-0 12. Bh6 Re8 13. Ne5 Bd7 14. Bxc6 Nxc6 15. Nxc6 Bxc6 16. Qd2 Qb6 17. Rad1 Rac8 18. Bf4 Bd7 19. Be5 Rf8 20. Bxf6 1/2-1/2

[Event "Pardubice Czech op-B 23rd"]
[Site "Pardubice"]
[Date "2012.07.26"]
[Round "7"]
[White "Karasik, Evgeni"]
[Black "Stetsko, Lanita"]
[Result "0-1"]
[WhiteElo "2286"]
[BlackElo "2130"]
[PlyCount "112"]
[EventDate "2012.07.20"]
[EventType "swiss"]
[EventRounds "9"]
[EventCountry "CZE"]
[SourceTitle "EXT 2013"]
[Source "ChessBase"]
[SourceDate "2012.11.22"]
[SourceVersion "1"]
[SourceVersionDate "2012.11.22"]
[SourceQuality "1"]

1. e4 e5 2. Nf3 Nc6 3. d4 exd4 4. Bc4 Bc5 5. Ng5 Nh6 6. Qh5 Qe7 7. 0-0 Ne5 8. Bb3 d6 9. h3 Bd7 10. f4 Bb5 11. fxe5 Bxf1 12. Kxf1 0-0-0 13. Nf3 Rde8 14. Bxh6 gxh6 15. Qxf7 dxe5 16. Qxe7 Rxe7 17. Nbd2 Rf8 18. Ke2 h5 19. Rf1 b5 20. Nh4 Rxf1 21. Nxf1 Rg7 22. Kf3 c6 23. Ng3 a5 24. Nxh5 Rb7 25. Be6+ Kd8 26. g4 Be7 27. Nf5 c5 28. Bg8 c4 29. g5 Rc7 30. Nxe7 Kxe7 31. Nf6 Kf8 32. Ke2 Rg7 33. Bd5 Rg6 34. h4 Rg7 35. Ng4 Re7 36. Nh6 Rc7 37. Ng4 Re7 38. Bc6 Rf7 39. Nf6 b4 40. Bd5 Rc7 41. Ng4 a4 42. Nxe5 b3 43. axb3 c3 44. bxc3 a3 45. b4 Rxc3 46. Kd2 Ke7 47. Nc6+ Rxc6 48. Kd3 Rc3+ 49. Kd2 Kd6 50. h5 Rg3 51. g6 hxg6 52. hxg6 Rxg6 53. Bb3 Ke5 54. Kd3 Rg3+ 55. Kc4 Rc3+ 56. Kb5 Rxb3 0-1

[Event "Andorra op 29th"]
[Site "Arinsal"]
[Date "2011.07.24"]
[Round "9"]
[White "Peralta, Fernando"]
[Black "Karasik, Evgeni"]
[Result "1/2-1/2"]
[WhiteElo "2601"]
[BlackElo "2249"]
[PlyCount "111"]
[EventDate "2011.07.16"]
[EventType "swiss"]
[EventRounds "9"]
[EventCountry "AND"]
[SourceTitle "CBM 143 Extra"]
[Source "ChessBase"]
[SourceDate "2011.08.29"]
[SourceVersion "1"]
[SourceVersionDate "2011.08.29"]
[SourceQuality "1"]

1. Nf3 c5 2. c4 Nf6 3. Nc3 Nc6 4. e3 e5 5. d4 cxd4 6. exd4 e4 7. Ng5 Bb4 8. d5 Ne5 9. Be2 Bxc3+ 10. bxc3 d6 11. Qd4 Bf5 12. f3 Nd3+ 13. Bxd3 exd3 14. 0-0 0-0 15. Ba3 Qd7 16. Ne4 Nxe4 17. fxe4 Bg6 18. Qxd3 Rfe8 19. Rae1 b6 20. Qg3 Re5 21. c5 bxc5 22. Bxc5 Rae8 23. Bd4 Rxe4 24. Rxe4 Rxe4 25. h3 Re2 26. Rf2 Rxf2 27. Qxf2 a6 28. Qe2 Qc8 29. Qe7 Qb8 30. c4 h6 31. c5 dxc5 32. d6 Bf5 33. Bxc5 Qc8 34. Qe3 Bd7 35. a3 Qe8 36. Qd2 Qe4 37. Bb4 Qe6 38. Bc3 Qc4 39. Qe3 Qe6 40. Qd4 f6 41. Bb4 Bb5 42. Qc5 Bd7 43. Qa7 Bb5 44. Qd4 Bd7 45. Qd2 Bb5 46. Bc5 Bc6 47. Bf2 Kf7 48. Bg3 Qd5 49. Qf2 Qd1+ 50. Kh2 Qd5 51. Bf4 Ke6 52. Qe2+ Qe4 53. Qg4+ Qf5 54. Qg3 g5 55. Bd2 Qe5 56. Bb4 1/2-1/2

[Event "SVK-ch op-A"]
[Site "Banska Stiavnica"]
[Date "2010.07.17"]
[Round "8"]
[White "Slacky, Stanislav"]
[Black "Karasik, Evgeni"]
[Result "1/2-1/2"]
[WhiteElo "2181"]
[BlackElo "2260"]
[PlyCount "45"]
[EventDate "2010.07.10"]
[EventType "swiss"]
[EventRounds "9"]
[EventCountry "SVK"]
[SourceTitle "CBM 137 Extra"]
[Source "ChessBase"]
[SourceDate "2010.09.01"]
[SourceVersion "1"]
[SourceVersionDate "2010.09.01"]
[SourceQuality "1"]

1. d4 c5 2. Nf3 cxd4 3. Nxd4 d5 4. g3 e5 5. Nf3 Nc6 6. Bg2 h6 7. 0-0 Nf6 8. c4 Be6 9. cxd5 Nxd5 10. b3 Bc5 11. Bb2 Qc7 12. Nxe5 Nxe5 13. Bxd5 Rd8 14. e4 0-0 15. Na3 Bh3 16. Qh5 Nd3 17. Qxh3 Nxb2 18. Nc4 Nd3 19. Rad1 Nxf2 20. Rxf2 b5 21. Nd2 Rd6 22. Rdf1 Rf6 23. Qh5 1/2-1/2

[Event "SVK-ch op-A"]
[Site "Banska Stiavnica"]
[Date "2010.07.16"]
[Round "7"]
[White "Karasik, Evgeni"]
[Black "Koval, Maros"]
[Result "1/2-1/2"]
[WhiteElo "2260"]
[BlackElo "2126"]
[PlyCount "51"]
[EventDate "2010.07.10"]
[EventType "swiss"]
[EventRounds "9"]
[EventCountry "SVK"]
[SourceTitle "CBM 137 Extra"]
[Source "ChessBase"]
[SourceDate "2010.09.01"]
[SourceVersion "1"]
[SourceVersionDate "2010.09.01"]
[SourceQuality "1"]

1. e4 e5 2. Nf3 Nf6 3. Nxe5 d6 4. Nc4 Nxe4 5. Nc3 Nxc3 6. bxc3 Be7 7. d4 Nd7 8. Bd3 0-0 9. 0-0 Nf6 10. Ne3 Re8 11. Qf3 c6 12. Nf5 Bxf5 13. Qxf5 Qd7 14. Qf3 Qg4 15. Qxg4 Nxg4 16. Rb1 b5 17. d5 cxd5 18. Bxb5 Rab8 19. Rb3 Red8 20. h3 Nf6 21. Re1 Ne4 22. c4 Bf6 23. Ra3 Nc3 24. Rxa7 Nxb5 25. cxb5 Rxb5 26. Bf4 1/2-1/2

[Event "Vienna op 16th"]
[Site "Vienna"]
[Date "2009.08.18"]
[Round "4"]
[White "Marschnigg, Stefan"]
[Black "Karasik, Evgeni"]
[Result "0-1"]
[WhiteElo "2103"]
[BlackElo "2268"]
[PlyCount "54"]
[EventDate "2009.08.15"]
[EventType "swiss"]
[EventRounds "9"]
[EventCountry "AUT"]
[SourceTitle "CBM 131 Extra"]
[Source "ChessBase"]
[SourceDate "2009.09.03"]
[SourceVersion "2"]
[SourceVersionDate "2009.09.16"]
[SourceQuality "1"]

1. e4 c5 2. Nf3 Nc6 3. d4 cxd4 4. Nxd4 Nf6 5. Nc3 e5 6. Ndb5 d6 7. Bg5 a6 8. Na3 Be6 9. Nc4 Rc8 10. Bxf6 gxf6 11. Bd3 Rg8 12. 0-0 Bh6 13. Nd5 Bxd5 14. exd5 Ne7 15. Qh5 Bg5 16. f4 Bxf4 17. Rxf4 exf4 18. Re1 b5 19. Qxh7 Rg5 20. Nd2 Qb6+ 21. Kf1 Re5 22. Be4 f5 23. Bxf5 Rxe1+ 24. Kxe1 Qe3+ 25. Kf1 Nxf5 26. Qxf5 Rc7 27. Nb3 Qe5 0-1

[Event "Olomouc op"]
[Site "Olomouc"]
[Date "2008.08.01"]
[Round "2"]
[White "Mukashev, Assan"]
[Black "Karasik, Evgeni"]
[Result "1/2-1/2"]
[WhiteElo "2063"]
[BlackElo "2270"]
[PlyCount "66"]
[EventDate "2008.07.31"]
[EventType "swiss"]
[EventRounds "9"]
[EventCountry "CZE"]
[SourceTitle "CBM 125 Extra"]
[Source "ChessBase"]
[SourceDate "2008.09.01"]
[SourceVersion "1"]
[SourceVersionDate "2008.09.01"]
[SourceQuality "1"]

1. d4 Nf6 2. c4 c5 3. d5 b5 4. cxb5 a6 5. b6 e6 6. Nc3 Nxd5 7. Nxd5 exd5 8. Qxd5 Nc6 9. Nf3 Rb8 10. e4 Be7 11. Bc4 0-0 12. 0-0 Rxb6 13. Qh5 Qe8 14. b3 Kh8 15. Ba3 f6 16. Qd5 Nb4 17. Qd2 Bb7 18. Rfe1 f5 19. e5 Bxf3 20. gxf3 Qh5 21. Qxd7 Bh4 22. e6 Qxf3 23. Re2 Rd8 24. Qf7 Rbd6 25. Rf1 Rd4 26. h3 Qxh3 27. f4 Rd1 28. Rg2 Bf6 29. Bb2 Rxf1+ 30. Bxf1 Qe3+ 31. Kh1 Qh3+ 32. Kg1 Qe3+ 33. Kh1 Qh3+ 1/2-1/2

[Event "Pardubice Chladek&Tintera op-A 19th"]
[Site "Pardubice"]
[Date "2008.07.21"]
[Round "4"]
[White "Karasik, Evgeni"]
[Black "Tikkanen, Hans"]
[Result "1/2-1/2"]
[WhiteElo "2270"]
[BlackElo "2417"]
[PlyCount "22"]
[EventDate "2008.07.18"]
[EventType "swiss"]
[EventRounds "9"]
[EventCountry "CZE"]
[SourceTitle "CBM 125 Extra"]
[Source "ChessBase"]
[SourceDate "2008.09.01"]
[SourceVersion "1"]
[SourceVersionDate "2008.09.01"]
[SourceQuality "1"]

1. e4 e5 2. Nf3 Nc6 3. Bb5 Nf6 4. d3 Bc5 5. Nc3 0-0 6. 0-0 Re8 7. a3 h6 8. Bc4 a6 9. h3 d6 10. Be3 Nd4 11. Nd5 b5 1/2-1/2

[Event "Pardubice Chladek&Tintera op-A 19th"]
[Site "Pardubice"]
[Date "2008.07.18"]
[Round "1"]
[White "Vavrak, Peter"]
[Black "Karasik, Evgeni"]
[Result "1/2-1/2"]
[WhiteElo "2474"]
[BlackElo "2270"]
[PlyCount "81"]
[EventDate "2008.07.18"]
[EventType "swiss"]
[EventRounds "9"]
[EventCountry "CZE"]
[SourceTitle "CBM 125 Extra"]
[Source "ChessBase"]
[SourceDate "2008.09.01"]
[SourceVersion "1"]
[SourceVersionDate "2008.09.01"]
[SourceQuality "1"]

1. d4 Nf6 2. c4 c5 3. Nf3 cxd4 4. Nxd4 e5 5. Nb5 d5 6. cxd5 Bc5 7. e3 0-0 8. N5c3 e4 9. Be2 Qe7 10. a3 Rd8 11. b4 Bd6 12. Bb2 Be5 13. Qb3 Nbd7 14. Nd2 Nb6 15. 0-0 Nbxd5 16. Nxd5 Nxd5 17. Rfd1 Bxb2 18. Qxb2 Bd7 19. Nb3 Ba4 20. Rd4 Bxb3 21. Qxb3 Nf6 22. Qb2 Rac8 23. Rad1 h6 24. h3 Kh7 25. Qd2 Rf8 26. Bc4 Rc7 27. Ba2 Qe5 28. Bb1 g6 29. Rc1 Rfc8 30. Rxc7 Rxc7 31. Ba2 Kg7 32. Bb3 Rc6 33. a4 Rc7 34. Bc4 Rc6 35. a5 Qc7 36. Qa2 Qe5 37. Qe2 Qc7 38. Qa2 Qe5 39. Qb3 Rc7 40. Qa4 h5 41. Qa2 1/2-1/2

[Event "Vlissingen HZ op 10th"]
[Site "Vlissingen"]
[Date "2006.08.10"]
[Round "7"]
[White "Mombiela Martinez, Gonzalo"]
[Black "Karasik, Evgeni"]
[Result "1/2-1/2"]
[WhiteElo "2102"]
[BlackElo "2289"]
[PlyCount "123"]
[EventDate "2006.08.05"]
[EventType "swiss"]
[EventRounds "9"]
[EventCountry "NED"]
[SourceTitle "CBM 113 Extra"]
[Source "ChessBase"]
[SourceDate "2006.09.14"]
[SourceVersion "1"]
[SourceVersionDate "2006.09.14"]
[SourceQuality "1"]

1. e4 c5 2. c3 d5 3. exd5 Qxd5 4. Nf3 Nc6 5. d4 e5 6. Nbd2 cxd4 7. Bc4 Qd8 8. cxd4 exd4 9. 0-0 Be7 10. Re1 Nf6 11. Nb3 0-0 12. Nbxd4 Nxd4 13. Qxd4 Qxd4 14. Nxd4 Bb4 15. Rf1 a6 16. Nc2 Bd6 17. h3 b5 18. Bb3 Bb7 19. Be3 Rac8 20. Nd4 Rfe8 21. Nf5 Be5 22. Rad1 Rc6 23. Bd4 Bc8 24. Ne3 Bxd4 25. Rxd4 Be6 26. Bxe6 Rcxe6 27. Rfd1 g6 28. Kf1 Kg7 29. Nd5 Nxd5 30. Rxd5 Re2 31. R5d2 Rxd2 32. Rxd2 Re6 33. Rc2 Kf6 34. g3 h5 35. Re2 Rc6 36. h4 Rc4 37. Kg2 Ra4 38. b3 Rd4 39. Rc2 Rd6 40. Kf3 Ke5 41. Ke3 Re6 42. Rd2 Rc6 43. Kf3 Rc3+ 44. Kg2 Ke6 45. Kf1 Ke5 46. Kg2 Ke6 47. Kf1 Rc5 48. Ke2 Re5+ 49. Kf3 Rc5 50. Ke2 Ke5 51. Kf3 f6 52. Ke3 Rc3+ 53. Ke2 g5 54. hxg5 fxg5 55. Kf1 h4 56. gxh4 gxh4 57. Kg2 Ke4 58. Rd6 h3+ 59. Kh2 Rf3 60. Rxa6 Rxf2+ 61. Kxh3 Kd4 62. Ra5 1/2-1/2

[Event "Biel MTO op"]
[Site "Biel"]
[Date "2006.07.26"]
[Round "3"]
[White "Karasik, Evgeni"]
[Black "Landenbergue, Claude"]
[Result "1/2-1/2"]
[WhiteElo "2289"]
[BlackElo "2440"]
[PlyCount "154"]
[EventDate "2006.07.24"]
[EventType "swiss"]
[EventRounds "11"]
[EventCountry "SUI"]
[SourceTitle "CBM 113 Extra"]
[Source "ChessBase"]
[SourceDate "2006.09.14"]
[SourceVersion "1"]
[SourceVersionDate "2006.09.14"]
[SourceQuality "1"]

1. e4 c5 2. Nf3 Nc6 3. d4 cxd4 4. Nxd4 Qb6 5. Nb5 a6 6. Be3 Qd8 7. Nd4 e6 8. Nc3 Qc7 9. Qd2 Nf6 10. f3 Bb4 11. g4 h6 12. a3 Be7 13. h4 b5 14. Nxc6 dxc6 15. Bg2 e5 16. Ne2 Be6 17. Ng3 Bd6 18. Bh3 0-0-0 19. Qf2 Kb8 20. a4 Nd7 21. Kf1 b4 22. Kg2 Qa5 23. Rhd1 Be7 24. Ne2 g5 25. h5 Nc5 26. b3 Bc8 27. Kh2 Ne6 28. Qg1 Bc5 29. Bf1 Bxe3 30. Qxe3 Qc5 31. Qxc5 Nxc5 32. Ng3 Be6 33. Be2 Rd4 34. Kg2 Rhd8 35. Kf2 a5 36. Rab1 Kc7 37. Ke3 R8d6 38. Nf1 Nd7 39. Rd3 Nb6 40. Rbd1 c5 41. Ng3 Rxd3+ 42. Rxd3 c4 43. Rxd6 Kxd6 44. Kd2 Kc5 45. Bd1 Nc8 46. Ne2 Ne7 47. Nc1 Nc6 48. Ke3 Nd4 49. Kd2 Bc8 50. Ke3 Ba6 51. Kd2 Ne6 52. Ke3 Nf4 53. Na2 Ng2+ 54. Kf2 cxb3 55. cxb3 Kd4 56. Kxg2 Ke3 57. f4 exf4 58. Bf3 f6 59. Bd1 Kd2 60. Bf3 Ke3 61. Bd1 Bd3 62. Bf3 Kd2 63. Kf2 Bb1 64. Nxb4 axb4 65. a5 Bd3 66. Bg2 Kc3 67. Bf1 Bxe4 68. a6 f3 69. Ke3 Bd5 70. Bc4 Bxc4 71. bxc4 b3 72. a7 b2 73. a8Q b1Q 74. Qa5+ Kxc4 75. Qc7+ Kd5 76. Qd7+ Ke5 77. Qe7+ Kd5 1/2-1/2

[Event "Ashdod op"]
[Site "Ashdod"]
[Date "2004.12.09"]
[Round "1"]
[White "Karasik, Evgeni"]
[Black "Postny, Evgeny"]
[Result "0-1"]
[WhiteElo "2215"]
[BlackElo "2563"]
[PlyCount "118"]
[EventDate "2004.12.09"]
[EventType "swiss"]
[EventRounds "9"]
[EventCountry "ISR"]
[SourceTitle "CBM 103 Extra"]
[Source "ChessBase"]
[SourceDate "2005.01.01"]
[SourceVersion "1"]
[SourceVersionDate "2005.01.01"]
[SourceQuality "1"]

1. e4 c5 2. Nf3 e6 3. d4 cxd4 4. Nxd4 a6 5. Nc3 d6 6. Bc4 Nc6 7. a3 Nge7 8. Be3 Nxd4 9. Qxd4 b5 10. Ba2 Nc6 11. Qd2 Be7 12. 0-0 0-0 13. Rad1 Qc7 14. f4 Rb8 15. Ne2 b4 16. axb4 Rxb4 17. c3 Rxe4 18. Bb1 Rxe3 19. Qxe3 g6 20. Kh1 Na5 21. Ng3 d5 22. f5 exf5 23. Qh6 Bf6 24. Nh5 Be5 25. Rxd5 Be6 26. Rd3 Rd8 27. Qg5 Rxd3 28. Bxd3 Qd6 29. Be2 Qb6 30. Rd1 Nb7 31. Nf6+ Kg7 32. Nh5+ Kf8 33. Bxa6 Nd6 34. Be2 gxh5 35. b4 Ke8 36. Bf3 Bxc3 37. Qxh5 Ne4 38. Bxe4 fxe4 39. Qxh7 e3 40. Qe4 Bd2 41. Ra1 Qxb4 42. Qa8+ Ke7 43. Qa7+ Kf6 44. Rf1+ Kg7 45. Qa1+ Qc3 46. Qd1 Qd3 47. Qf3 Qg6 48. Ra1 Qg4 49. Kg1 Qxf3 50. gxf3 Bh3 51. f4 Bc3 52. Ra2 Bd2 53. Ra1 Kg6 54. Ra6+ f6 55. Ra1 e2 56. Kf2 e1Q+ 57. Rxe1 Bxe1+ 58. Kxe1 Kf5 59. Kf2 Kxf4 0-1